| 000 | 00489ntaaa2200181 4500 | ||
|---|---|---|---|
| 003 | 01 | ||
| 005 | 20251027202634.0 | ||
| 008 | 0714s1973 ag 01 | ||
| 040 |
_aAR-BaBN _bspa _cAR-BaBN _eaacr _dRIC |
||
| 082 | _a371.8000 N84p | ||
| 100 |
_aNosengo, Guesualdo _925715 |
||
| 245 | _aPersona humana y educación | ||
| 250 | _a1 ed. | ||
| 260 |
_aBuenos Aires : _bInstituto de Promoción Social Argentina, _c1978 |
||
| 300 | _a266 p | ||
| 650 |
_apedagogia-antropologia _925716 |
||
| 942 | _cBK | ||
| 999 |
_c21526 _d21526 |
||